000 05721nam a22004697a 4500
005 20120213113228.0
008 120213t xxu||||| |||| 00| 0 eng d
010 _aB-450981-997
020 _a9788189859756
_c295.00
035 _aHN-57198 B-450981-997
037 _bवर्चूअस पब्लिकेशन्स
040 _aDPL
_bHN
082 _a
100 _aभैरप्पा, एस.एल.
_941685
245 _aसाक्षी /
_cएस.एल. भैरप्पा ;वी.बी.पुत्रन द्वारा अनुदित
246 _aSaakshi
_bby Bhyrappa
260 _aनई दिल्ली
_bकिताबघर प्रकाशन
_c2011
270 _a4855-56/24, अंसारी रोड, दरियागंज
_bनई दिल्ली
_e110002
300 _a371पृ
_c18सेमी ( सजिल्द)
650 _aकन्नङ कथा साहित्य
_xहिन्दी में अनुवाद
_941686
650 _aKannada fiction
_xTranslations into Hindi
_941687
700 _aपुत्रन, वी.बी.
_941688
942 _2ddc
_cHN
_h
_mभैरप्पा
999 _c62595
_d62595